|
|
|
|
| LEADER |
00000nab#a22000007a#4500 |
| 001 |
arbauad001662 |
| 003 |
AR-BaUAD |
| 005 |
20250711110446.0 |
| 008 |
930726|||||||||###||||||b###|0###a|spa|| |
| 040 |
|
|
|a AR-BaUAD
|c AR-BaUAD
|b spa
|
| 100 |
|
|
|a Cervoni, Albert
|
| 245 |
|
|
|a Festivals /
|c Albert Cervoni; Marcel Martin; Robert Grelier;
|
| 300 |
0 |
|
|b fot.
|
| 500 |
|
|
|a Incluye comentarios sobre: La hora de los hornos / de Fernando E. Solanas y otros.
|
| 653 |
|
|
|a CINE
|
| 653 |
|
|
|a FESTIVALES
|
| 653 |
|
|
|a AMERICA LATINA
|
| 653 |
|
|
|a ARGENTINA
|
| 653 |
|
|
|a CINE DE ANIMACION
|
| 653 |
|
|
|a SOLANAS, FERNANDO
|
| 700 |
1 |
|
|a Martin, Marcel
|
| 700 |
1 |
|
|a Grelier, Robert
|
| 773 |
0 |
|
|t CINEMA 68
|g no. 131 [dic. 1968], p. 18-28
|
| 942 |
|
|
|c ARTI
|
| 952 |
|
|
|0 0
|1 0
|4 0
|7 0
|9 46582
|a AR-BAuAD
|b AR-BAuAD
|d 2025-07-11
|l 0
|p AAQA001662
|r 2025-07-11 11:04:46
|w 2025-07-11
|y ARTI
|
| 990 |
|
|
|a C196
|b TD
|
| 998 |
|
|
|a AAQ
|b BIBUN76
|
| 999 |
|
|
|c 26255
|d 26255
|